000 01201cab a22002415a 4500
001 L153130
008 110613e2011 xxk 000 0 eng d
035 _a(Sirsi) u153130
041 0 _aeng
100 1 _aHodgekiss, Anna
245 0 0 _aMarkets
_bKent, Surrey and Sussex
260 _c2011
490 0 _aProperty Week
_v77(23) 10 June 2011, 41-46(5)
520 _aGuildford Borough Council is about to draw up an 18-year masterplan for Guildford's city centre with the station as the largest of 25 sites. Discusses the many proposals for the future of pharmaceutical company Pfizer's now redundant Sandwich site. Danish wind turbine company Vestas has taken out an option on a site at the Port of Sheerness, Isle of Sheppey for a factory for building its biggest blades. Q+A feature about Ashford's Eureka Park, the only speculative scheme in Kent. East Sussex is experiencing a development mini-boom.
590 _aKA
651 4 _aKent
651 4 _aSurrey
651 4 _aSussex
_y1888-
690 _aPROPERTY-COMMERCIAL PROPERTY-COMMERCIAL PROPERTY FINANCE AND INVESTMENT
690 _aPROPERTY-COMMERCIAL PROPERTY-COMMERCIAL PROPERTY MARKET
700 1 _aWilding, Mark
942 _n0
999 _c83201
_d83201